<?xml version="1.0" encoding="UTF-8"?>
<record
    xmlns:xsi="http://www.w3.org/2001/XMLSchema-instance"
    xsi:schemaLocation="http://www.loc.gov/MARC21/slim http://www.loc.gov/standards/marcxml/schema/MARC21slim.xsd"
    xmlns="http://www.loc.gov/MARC21/slim">

  <leader>00572nam a2200121Ia 4500</leader>
  <controlfield tag="008">200908s9999    xx            000 0 und d</controlfield>
  <datafield tag="020" ind1=" " ind2=" ">
    <subfield code="a">978-621-8029-15-6</subfield>
  </datafield>
  <datafield tag="100" ind1=" " ind2=" ">
    <subfield code="a">Millan, Zeus Vernon B.</subfield>
  </datafield>
  <datafield tag="245" ind1=" " ind2=" ">
    <subfield code="c">Zeus Vernon B. Milan.--</subfield>
    <subfield code="a">Government accounting and accounting for non-profit organization :</subfield>
    <subfield code="b">Based on government accounting manual for national government agencies (GAM for NGAs) &amp; Philippine financial reporting standards (PFRSs) /</subfield>
  </datafield>
  <datafield tag="260" ind1=" " ind2=" ">
    <subfield code="a">Baguio City :</subfield>
    <subfield code="b">Bandolin Enterprise</subfield>
    <subfield code="c">2018</subfield>
  </datafield>
  <datafield tag="300" ind1=" " ind2=" ">
    <subfield code="a">x , 483 pages :</subfield>
    <subfield code="b">illustration ;</subfield>
    <subfield code="c">22 cm.</subfield>
  </datafield>
  <datafield tag="650" ind1=" " ind2=" ">
    <subfield code="a">Accounting.</subfield>
  </datafield>
  <datafield tag="999" ind1=" " ind2=" ">
    <subfield code="c">364110</subfield>
    <subfield code="d">364110</subfield>
  </datafield>
  <datafield tag="952" ind1=" " ind2=" ">
    <subfield code="0">0</subfield>
    <subfield code="1">0</subfield>
    <subfield code="4">0</subfield>
    <subfield code="a">CL</subfield>
    <subfield code="b">CL</subfield>
    <subfield code="c">FIL</subfield>
    <subfield code="d">2020-09-08</subfield>
    <subfield code="e">Library Fund</subfield>
    <subfield code="l">10</subfield>
    <subfield code="m">36</subfield>
    <subfield code="o">HF 5635 .M645 2018</subfield>
    <subfield code="p">C22296</subfield>
    <subfield code="r">2025-05-28 00:00:00</subfield>
    <subfield code="s">2025-05-14</subfield>
    <subfield code="w">2020-09-08</subfield>
    <subfield code="y">BK</subfield>
  </datafield>
</record>
